000 00630nam a2200229 a 4500
999 _c3145
_d3145
001 3145
003 BD-JhCC
005 20171111162636.0
008 171111s2000 bg |||| |||| 000 0 brn d
020 _a9844101719
035 _a(BD-JhCC)3145
040 _aBD-JhCC
_dBD-JhCC
041 _aben
082 _a891.443
_bHOS 2000
100 _aহোসেন, সেলিনা
245 _aলারা /
_cসেলিনা হোসেন,
260 _aঢাকা :
_bমাওলা ব্রাদার্স,
_c2000.
300 _a207 p. :
_c21 cm.
650 _aBengali Novel
942 _2ddc
_cBK